Pokémons Grenouilles - Statistiques

Statistiques générales
  • Ce quiz a été pris 64 fois
  • Le résultat moyen est 14 sur 17
Statistiques - réponses
Hint Réponse % Correct
Gen 6 Amphinobi
100%
Gen 6 Grenousse
100%
Gen 6 Croâporal
98%
Gen 1 Ptitard
96%
Gen 1 Têtarte
96%
Gen 2 Tarpaud
93%
Gen 1 Tartard
93%
Gen 5 Crapustule
91%
Gen 4 Cradopaud
87%
Gen 5 Batracné
81%
Gen 4 Coatox
81%
Gen 5 Tritonde
78%
Gen 1 Bulbizarre
72%
Gen 1 Florizarre
72%
Gen 1 Herbizarre
72%
Gen 9 Ampibidou
56%
Gen 9 Têtampoule
50%
Aucun quiz correspondant
Distribution des résultats
% des personnes avec chaque résultat
Percentile par nombre de réponses
Votre historique - résultats
Vous n’avez pas pris ce quiz